El obsesivo mundo de Benjamin
Sábháilte in:
| Príomhchruthaitheoir: | |
|---|---|
| Formáid: | LEABHAR |
| Teanga: | Spáinnis |
| Foilsithe / Cruthaithe: |
Santiago
Pomaire
1982
|
| Eagrán: | 1a. ed |
| Sraith: | Nueva Narrativa
|
| Ábhair: | |
| Clibeanna: |
Cuir clib leis
Níl clibeanna ann, Bí ar an gcéad duine le clib a chur leis an taifead seo!
|
MARC
| LEADER | 00000cam a2200000 a 4500 | ||
|---|---|---|---|
| 001 | UCE9489 | ||
| 003 | CL-VaPUC | ||
| 008 | 151022e19820000cl |||||||||||||||||spa|d | ||
| 082 | 0 | 4 | |a 863 |b OST |2 21 |
| 100 | |a Ostornol, Antonio |e autor |9 582337 | ||
| 245 | 1 | 3 | |a El obsesivo mundo de Benjamin |
| 250 | |a 1a. ed | ||
| 300 | |a 168 p | ||
| 942 | |c BK | ||
| 945 | |d 20151022 17:18:00 |a arojas | ||
| 260 | |a Santiago |b Pomaire |c 1982 | ||
| 650 | 0 | |a Narrativa hispanoamericana |9 552155 | |
| 650 | 0 | |a Novelas chilenas |9 265425 | |
| 650 | 0 | |a Literatura chilena |9 308278 | |
| 583 | |a last modification |c 20151022 17:18:00 |k Rodrigo Vera | ||
| 490 | 0 | |a Nueva Narrativa | |
| 999 | |c 361153 |d 361151 | ||
| 952 | |0 0 |1 0 |3 erb |4 0 |6 863_000000000000000_OST_1982 |7 0 |8 C |9 471507 |a BIBCUR |b BIBCUR |i 5205581 |o 863 OST 1982 |p 5205581 |r 2025-04-22 |w 2019-11-24 |y BK |z Catalogado en:20151022 |k CAC | ||